01029 2200325 4500001002100000005001500021035002000036007000300056008004100059020002200100040002200122082001500144084001700159090002200176100004200198245010700240250002600347300002900373650003500402700003200437700003500469850001200504504003500516264003400551336002100585337003000606338002300636999002200659990002200681INLIS00000000085300520210718025646 a0010-1119000413ta191114s2019 yoi g ind d a978-979-21-6287-5 aYOPDYOGbinderda04223a160.07 a160.07 TUM l aCB-D.11 2019-17653 aTumanggor, Raja Oloand1967-epenulis10aLogika ilmu berpikir kritis /cRaja Oloan Tumanggor, Carolus suharyanto; penyunting, C. Erni Setyowati aCetakan pertama, 2019 axi, 156 halaman ;c23 cm aLogika -- studi dan pengajaran0 aCarolus Suharyantoepenulis1 aErni Setyowati, C.epenyunting aYOPDYOG aBibliografi: halaman [145]-15134aYogyakarta :bKanisius,c2019 2rdacontentateks 2rdamediaatanpa perantara 2rdacarrieravolume aCB-D.11/2019-1765 aCB-D.11/2019-1765